<?xml version="1.0" encoding="UTF-8"?>
<record
    xmlns:xsi="http://www.w3.org/2001/XMLSchema-instance"
    xsi:schemaLocation="http://www.loc.gov/MARC21/slim http://www.loc.gov/standards/marcxml/schema/MARC21slim.xsd"
    xmlns="http://www.loc.gov/MARC21/slim">

  <leader>00329nam a2200145Ia 4500</leader>
  <datafield tag="999" ind1=" " ind2=" ">
    <subfield code="c">5900</subfield>
    <subfield code="d">5900</subfield>
  </datafield>
  <controlfield tag="003">OSt</controlfield>
  <controlfield tag="008">191201s2014    xx            000 0 und d</controlfield>
  <datafield tag="100" ind1=" " ind2=" ">
    <subfield code="a">DUGGAL, SK</subfield>
  </datafield>
  <datafield tag="245" ind1=" " ind2="0">
    <subfield code="a">Building Materials</subfield>
  </datafield>
  <datafield tag="250" ind1=" " ind2=" ">
    <subfield code="a">4th</subfield>
  </datafield>
  <datafield tag="260" ind1=" " ind2=" ">
    <subfield code="a">N. delhi</subfield>
    <subfield code="b">New Age International</subfield>
    <subfield code="c">2014</subfield>
  </datafield>
  <datafield tag="300" ind1=" " ind2=" ">
    <subfield code="a">594</subfield>
  </datafield>
  <datafield tag="650" ind1=" " ind2=" ">
    <subfield code="a">B.Tech(CE)</subfield>
  </datafield>
  <datafield tag="942" ind1=" " ind2=" ">
    <subfield code="2">ddc</subfield>
    <subfield code="c">BK</subfield>
  </datafield>
  <datafield tag="952" ind1=" " ind2=" ">
    <subfield code="0">0</subfield>
    <subfield code="1">0</subfield>
    <subfield code="2">ddc</subfield>
    <subfield code="4">0</subfield>
    <subfield code="7">0</subfield>
    <subfield code="8">BTECHCE</subfield>
    <subfield code="a">PIET</subfield>
    <subfield code="b">PIET</subfield>
    <subfield code="d">2014-04-26</subfield>
    <subfield code="e">IBH, New Delhi</subfield>
    <subfield code="g">350.00</subfield>
    <subfield code="k">145/DEL/14-15</subfield>
    <subfield code="l">0</subfield>
    <subfield code="o">691 DUB</subfield>
    <subfield code="p">23976</subfield>
    <subfield code="r">2019-12-04 00:00:00</subfield>
    <subfield code="v">255.50</subfield>
    <subfield code="w">2014-04-24</subfield>
    <subfield code="y">BK</subfield>
  </datafield>
  <datafield tag="952" ind1=" " ind2=" ">
    <subfield code="0">0</subfield>
    <subfield code="1">0</subfield>
    <subfield code="2">ddc</subfield>
    <subfield code="4">0</subfield>
    <subfield code="7">0</subfield>
    <subfield code="8">BTECHCE</subfield>
    <subfield code="a">PIET</subfield>
    <subfield code="b">PIET</subfield>
    <subfield code="d">2014-04-26</subfield>
    <subfield code="e">IBH, New Delhi</subfield>
    <subfield code="g">350.00</subfield>
    <subfield code="k">145/DEL/14-15</subfield>
    <subfield code="l">0</subfield>
    <subfield code="o">691 DUB</subfield>
    <subfield code="p">23977</subfield>
    <subfield code="r">2019-12-04 00:00:00</subfield>
    <subfield code="v">255.50</subfield>
    <subfield code="w">2014-04-24</subfield>
    <subfield code="y">BK</subfield>
  </datafield>
  <datafield tag="952" ind1=" " ind2=" ">
    <subfield code="0">0</subfield>
    <subfield code="1">0</subfield>
    <subfield code="2">ddc</subfield>
    <subfield code="4">0</subfield>
    <subfield code="7">0</subfield>
    <subfield code="8">BTECHCE</subfield>
    <subfield code="a">PIET</subfield>
    <subfield code="b">PIET</subfield>
    <subfield code="d">2014-04-26</subfield>
    <subfield code="e">IBH, New Delhi</subfield>
    <subfield code="g">350.00</subfield>
    <subfield code="k">145/DEL/14-15</subfield>
    <subfield code="l">0</subfield>
    <subfield code="o">691 DUB</subfield>
    <subfield code="p">23978</subfield>
    <subfield code="r">2019-12-04 00:00:00</subfield>
    <subfield code="v">255.50</subfield>
    <subfield code="w">2014-04-24</subfield>
    <subfield code="y">BK</subfield>
  </datafield>
  <datafield tag="952" ind1=" " ind2=" ">
    <subfield code="0">0</subfield>
    <subfield code="1">0</subfield>
    <subfield code="2">ddc</subfield>
    <subfield code="4">0</subfield>
    <subfield code="7">0</subfield>
    <subfield code="8">BTECHCE</subfield>
    <subfield code="a">PIET</subfield>
    <subfield code="b">PIET</subfield>
    <subfield code="d">2014-04-26</subfield>
    <subfield code="e">IBH, New Delhi</subfield>
    <subfield code="g">350.00</subfield>
    <subfield code="k">145/DEL/14-15</subfield>
    <subfield code="l">0</subfield>
    <subfield code="o">691 DUB</subfield>
    <subfield code="p">23979</subfield>
    <subfield code="r">2019-12-04 00:00:00</subfield>
    <subfield code="v">255.50</subfield>
    <subfield code="w">2014-04-24</subfield>
    <subfield code="y">BK</subfield>
  </datafield>
  <datafield tag="952" ind1=" " ind2=" ">
    <subfield code="0">0</subfield>
    <subfield code="1">0</subfield>
    <subfield code="2">ddc</subfield>
    <subfield code="4">0</subfield>
    <subfield code="7">0</subfield>
    <subfield code="8">BTECHCE</subfield>
    <subfield code="a">PIET</subfield>
    <subfield code="b">PIET</subfield>
    <subfield code="d">2014-04-26</subfield>
    <subfield code="e">IBH, New Delhi</subfield>
    <subfield code="g">350.00</subfield>
    <subfield code="k">145/DEL/14-15</subfield>
    <subfield code="l">0</subfield>
    <subfield code="o">691 DUB</subfield>
    <subfield code="p">23980</subfield>
    <subfield code="r">2019-12-04 00:00:00</subfield>
    <subfield code="v">255.50</subfield>
    <subfield code="w">2014-04-24</subfield>
    <subfield code="y">BK</subfield>
  </datafield>
  <datafield tag="952" ind1=" " ind2=" ">
    <subfield code="0">0</subfield>
    <subfield code="1">0</subfield>
    <subfield code="2">ddc</subfield>
    <subfield code="4">0</subfield>
    <subfield code="7">0</subfield>
    <subfield code="8">BTECHCE</subfield>
    <subfield code="a">PIET</subfield>
    <subfield code="b">PIET</subfield>
    <subfield code="d">2014-04-26</subfield>
    <subfield code="e">IBH, New Delhi</subfield>
    <subfield code="g">350.00</subfield>
    <subfield code="k">145/DEL/14-15</subfield>
    <subfield code="l">0</subfield>
    <subfield code="o">691 DUB</subfield>
    <subfield code="p">23981</subfield>
    <subfield code="r">2019-12-04 00:00:00</subfield>
    <subfield code="v">255.50</subfield>
    <subfield code="w">2014-04-24</subfield>
    <subfield code="y">BK</subfield>
  </datafield>
  <datafield tag="952" ind1=" " ind2=" ">
    <subfield code="0">0</subfield>
    <subfield code="1">0</subfield>
    <subfield code="2">ddc</subfield>
    <subfield code="4">0</subfield>
    <subfield code="7">0</subfield>
    <subfield code="8">BTECHCE</subfield>
    <subfield code="a">PIET</subfield>
    <subfield code="b">PIET</subfield>
    <subfield code="d">2014-04-26</subfield>
    <subfield code="e">IBH, New Delhi</subfield>
    <subfield code="g">350.00</subfield>
    <subfield code="k">145/DEL/14-15</subfield>
    <subfield code="l">0</subfield>
    <subfield code="o">691 DUB</subfield>
    <subfield code="p">23982</subfield>
    <subfield code="r">2019-12-04 00:00:00</subfield>
    <subfield code="v">255.50</subfield>
    <subfield code="w">2014-04-24</subfield>
    <subfield code="y">BK</subfield>
  </datafield>
  <datafield tag="952" ind1=" " ind2=" ">
    <subfield code="0">0</subfield>
    <subfield code="1">0</subfield>
    <subfield code="2">ddc</subfield>
    <subfield code="4">0</subfield>
    <subfield code="7">0</subfield>
    <subfield code="8">BTECHCE</subfield>
    <subfield code="a">PIET</subfield>
    <subfield code="b">PIET</subfield>
    <subfield code="d">2014-04-26</subfield>
    <subfield code="e">IBH, New Delhi</subfield>
    <subfield code="g">350.00</subfield>
    <subfield code="k">145/DEL/14-15</subfield>
    <subfield code="l">0</subfield>
    <subfield code="o">691 DUB</subfield>
    <subfield code="p">23983</subfield>
    <subfield code="r">2019-12-04 00:00:00</subfield>
    <subfield code="v">255.50</subfield>
    <subfield code="w">2014-04-24</subfield>
    <subfield code="y">BK</subfield>
  </datafield>
  <datafield tag="952" ind1=" " ind2=" ">
    <subfield code="0">0</subfield>
    <subfield code="1">0</subfield>
    <subfield code="2">ddc</subfield>
    <subfield code="4">0</subfield>
    <subfield code="7">0</subfield>
    <subfield code="8">BTECHCE</subfield>
    <subfield code="a">PIET</subfield>
    <subfield code="b">PIET</subfield>
    <subfield code="d">2014-04-26</subfield>
    <subfield code="e">IBH, New Delhi</subfield>
    <subfield code="g">350.00</subfield>
    <subfield code="k">145/DEL/14-15</subfield>
    <subfield code="l">0</subfield>
    <subfield code="o">691 DUB</subfield>
    <subfield code="p">23984</subfield>
    <subfield code="r">2019-12-04 00:00:00</subfield>
    <subfield code="v">255.50</subfield>
    <subfield code="w">2014-04-24</subfield>
    <subfield code="y">BK</subfield>
  </datafield>
  <datafield tag="952" ind1=" " ind2=" ">
    <subfield code="0">0</subfield>
    <subfield code="1">0</subfield>
    <subfield code="2">ddc</subfield>
    <subfield code="4">0</subfield>
    <subfield code="7">0</subfield>
    <subfield code="8">BTECHCE</subfield>
    <subfield code="a">PIET</subfield>
    <subfield code="b">PIET</subfield>
    <subfield code="d">2014-04-26</subfield>
    <subfield code="e">IBH, New Delhi</subfield>
    <subfield code="g">350.00</subfield>
    <subfield code="k">145/DEL/14-15</subfield>
    <subfield code="l">0</subfield>
    <subfield code="o">691 DUB</subfield>
    <subfield code="p">23985</subfield>
    <subfield code="r">2019-12-04 00:00:00</subfield>
    <subfield code="v">255.50</subfield>
    <subfield code="w">2014-04-24</subfield>
    <subfield code="y">BK</subfield>
  </datafield>
</record>
